• 首页
  • 本馆介绍
  • 公告通知
  • 最新文献
  • 馆藏检索
  • 电子资源
  • 读者导购
  • 参考咨询
  • 我的图书馆
  • 登录
  • 详细信息显示
  • 放入我的书架
  • 预约/预借图书
  • 作者相关作品
  • 分类相关作品
  • 丛书相关作品
  • 出版社相关作品

书目信息

  • 表格格式
  • 工作单格式
  • 卡片格式
题名:
黄帝内经
    
 
作者: 黄帝 , 岐伯 著
分册:  
出版信息: 沈阳   万卷出版公司  2008
页数: 11,463页
开本: 23cm
丛书名: 品读国学经典·家藏四库丛书
单 册:
中图分类: R221
科图分类:
主题词:
电子资源:
ISBN: 978-7-80759-175-7
000 00936oam2 2200277 45
001 1133477328
005 20110413093625.70
010    @a978-7-80759-175-7@dCNY25.50
100    @a20110406e20102008em y0chiy0120 ea
101    @achi
102    @aCN@b210000
105    @aa z 000yy
106    @ar
200    @a黄帝内经@AHuang Di Nei Jing@e插图本@ECha Tu Ben@f黄帝,岐伯等著@FHuang Di, Qi Bo Deng Zhu
210    @a沈阳@c万卷出版公司@d2008@h2010
215    @a11,463页@d23cm
225 2  @a品读国学经典·家藏四库丛书
330    @a《黄帝内经》是上古一部伟大的奇书,它从医药学、农学、预测学、饮食养生学等诸方面构成了对中国文化的巨大影响。其内容包含阴阳五行学说、藏象学说和运气学说等。
461  0 @12001 @a品读国学经典·家藏四库丛书
605    @a内经@x译文
605    @a内经
690    @aR221@v4
701  0 @a黄帝@AHuang Di@4著
701  0 @a岐伯@AQi Bo@4著
801  0 @aCN@bTANGWEI@c20110413
905    @b0533518-22@dR221@e284@f5
    
    黄帝内经:插图本/黄帝,岐伯等著.-沈阳:万卷出版公司,2008(2010)
    11,463页;23cm.-(品读国学经典·家藏四库丛书)
    
    
    ISBN 978-7-80759-175-7:CNY25.50
    《黄帝内经》是上古一部伟大的奇书,它从医药学、农学、预测学、饮食养生学等诸方面构成了对中国文化的巨大影响。其内容包含阴阳五行学说、藏象学说和运气学说等。
●
相关链接 在E读中查询图书 在五车中查询图书 在当当中查询图书 在豆瓣中查询图书


正题名:黄帝内经     索取号:R221/284         预约/预借

序号 登录号 条形码 馆藏地/架位号 状态 备注
1 0533518   205335181   第二样本阅览室/ [索取号:R221/284] 在馆    
2 0533519   205335190   第三借阅区/ [索取号:R221/284] 在馆    
3 0533520   205335207   第三借阅区/ [索取号:R221/284] 在馆    
4 0533521   205335216   第三借阅区/ [索取号:R221/284] 在馆    
5 0533522   205335225   第三借阅区/ [索取号:R221/284] 在馆    
唐山师范学院图书馆 欢迎您!
大连网信软件有限公司© 版权所有